| 000 | 00456nam a2200181Ia 4500 | ||
|---|---|---|---|
| 008 | 180424s9999 xx 000 0 und d | ||
| 020 | _a130806412 | ||
| 084 | _a746.92 F1 | ||
| 100 | _a"Frings, Gini Stephens" | ||
| 245 | 0 | _aFashion: from Concept to Consumer | |
| 250 | _a\\199906ENGGPCX | ||
| 260 | _aPrentice Hall | ||
| 260 | _b1999 | ||
| 260 | _cEnglewood Cliffs | ||
| 300 | _a374p. | ||
| 500 | _aincludes index and biblioraphy | ||
| 942 | _cBK | ||
| 999 |
_c67479 _d67479 |
||